| 000 | 00825nam a2200277Ia 4500 | ||
|---|---|---|---|
| 001 | Z_68 | ||
| 003 | CHAP | ||
| 008 | 220113s198X xx 000 0 und d | ||
| 010 | _a163034 | ||
| 040 | _cCHAP | ||
| 090 | _aFolleto 86 | ||
| 100 |
_aJurgens, M H _9137255 |
||
| 245 |
_aCurso de bovinos productores de leche: guía práctica para la alimentación de la vaca lechera / _cpor M. H. Jurgens |
||
| 260 |
_aChapingo, Méx. : _bUACH. Depto. de Zootecnia, _c198X |
||
| 300 | _a6 h. | ||
| 440 | _a | ||
| 500 | _a | ||
| 503 | _a | ||
| 650 |
_aGanado lechero _xAlimentación I. t.: Guía práctica para la alimentación de la vaca lechera II. UACH. Departamento de Zootecnia III. t. _9137256 |
||
| 901 | _aFolleto 86 | ||
| 902 | _aA | ||
| 910 | _a198X | ||
| 942 | _cc14 | ||
| 942 | _cc14 | ||
| 999 |
_c163034 _d163034 |
||